Central Library OPAC University of Rajshahi

New humanism : (Record no. 29195)

MARC details
000 -LEADER
fixed length control field 00821cam a2200253 a 4500
001 - CONTROL NUMBER
control field 29195
003 - CONTROL NUMBER IDENTIFIER
rucl marc code BD-RjUL
005 - DATE AND TIME OF LATEST TRANSACTION
control field 20211209051401.0
008 - FIXED-LENGTH DATA ELEMENTS--GENERAL INFORMATION
fixed length control field 160720s1981 ii 000 0 eng
035 ## - SYSTEM CONTROL NUMBER
System control number (BD-RjUL)29280
040 ## - CATALOGING SOURCE
Original cataloging agency DLC
Transcribing agency DLC
Modifying agency DLC
Language of cataloging eng
041 ## - LANGUAGE CODE
Language code of text/sound track or separate title eng
082 00 - DEWEY DECIMAL CLASSIFICATION NUMBER
Classification number 320.532
Edition number 19
Author mark and year RON 1981
100 1# - MAIN ENTRY--PERSONAL NAME
Personal name Roy, M. N.
Fuller form of name (Manabendra Nath),
Dates associated with a name 1887-1954.
9 (RLIN) 5319
245 10 - TITLE STATEMENT
Title New humanism :
Remainder of title a manifesto /
Statement of responsibility, etc. by M.N. Roy.
260 ## - PUBLICATION, DISTRIBUTION, ETC. (IMPRINT)
Place of publication, distribution, etc. Delhi :
Name of publisher, distributor, etc. Ajanta Publications :
-- distributors, Ajanta Books International,
Date of publication, distribution, etc. 1981.
300 ## - PHYSICAL DESCRIPTION
Pagination 111 p. ;
Size 23 cm.
500 ## - GENERAL NOTE
General note Reprint. Originally published: Calcutta : Renaissance Publishers, 1953.
650 #0 - SUBJECT ADDED ENTRY--TOPICAL TERM
Topical term or geographic name as entry element Democracy.
9 (RLIN) 89126
Topical term or geographic name as entry element Socialism.
9 (RLIN) 89127
Topical term or geographic name as entry element Humanism
General subdivision History
Chronological subdivision 20th century.
9 (RLIN) 89128
942 ## - ADDED ENTRY ELEMENTS (KOHA)
Source of classification or shelving scheme Dewey Decimal Classification
Koha item type Books
Holdings
Lost status Source of classification or shelving scheme Damaged status Not for loan Collection code Permanent Location Current Location Shelving location Date acquired Cost, normal purchase price Total Checkouts Full call number Date last seen Copy number Koha item type Source of acquisition
  Dewey Decimal Classification   Added to bundle Non-fiction Central Library, University of Rajshahi Central Library, University of Rajshahi   02/04/2014 30.00   320.532 RON 1981 02/04/2014 C-3 Books  
  Dewey Decimal Classification     Non-fiction Central Library, University of Rajshahi Central Library, University of Rajshahi   26/06/1986 30.00   320.532 RON 1981 08/04/2014 C-4 Books karim interprise dhaka
  Dewey Decimal Classification     Non-fiction Central Library, University of Rajshahi Central Library, University of Rajshahi   26/06/1986 30.00   320.532 RON 1981 20/07/2016 C-2 Books karim interprise dhaka
  Dewey Decimal Classification     Non-fiction Central Library, University of Rajshahi Central Library, University of Rajshahi   26/06/1986 30.00   320.532 RON 1981 08/10/2016 C-5 Books karim interprise dhaka
  Dewey Decimal Classification   Not For Loan Non-fiction Central Library, University of Rajshahi Central Library, University of Rajshahi Reading Room 26/06/1986 30.00   320.532 RON 1981 03/12/2016 C-1 Books karim International